00617nam a2200157 a 450000100100000000500170001000800410002704000250006808200150009311000450010824500790015326000630023230000340029595201130032999900170044200002875720200930055123.0110412s2001 dr ac r 000 0 spa d aDO-SdBNPbspacBNPHU axxxxbI19f1 aConsejo del Liderazgo Demócrata95575400aIdeario :bfundamentos políticos de los centro demócratas dominicanos. aSanto Domingo :bConsejo del Liderazgo Demócrata,c2001. a36 p. :bil., retr. ;c29 cm. 0010718PDaPDbPDcHDd2011-04-12iLF1l0oxxxx I19fp28757-10r2020-06-25w2020-06-25yLFPDZNo se presta c28249d28249